Redemptoris Mater: Carta encíclica sobre la Bienaventurada Virgen María en la vida de la Iglesia peregrina

-д хадгалсан:
Номзүйн дэлгэрэнгүй
Үндсэн зохиолч: Juan Pablo II (Зохиогч)
Формат: Ном
Хэл сонгох:испани
Хэвлэсэн: Santiago Paulinas 1987
Нөхцлүүд:
Шошгууд: Шошго нэмэх
Шошго байхгүй, Энэхүү баримтыг шошголох эхний хүн болох!

MARC

LEADER 00000nam a2200000 a 4500
001 UCX3785
003 CL-VaPUC
008 911224e19870000CL |||||||||||||||||spa|d
082 0 4 |a 262.91  |b JUA  |2 21 
100 |a Juan Pablo II  |e author  |9 309920 
245 1 0 |a Redemptoris Mater: Carta encíclica sobre la Bienaventurada Virgen María en la vida de la Iglesia peregrina 
300 |a 111 p 
942 |c BK 
945 |d 19911224 00:00:00 
260 |a Santiago  |b Paulinas  |c 1987 
600 0 |a Virgen María   |9 314204 
650 0 |a Documentos pontificios   |9 255642 
583 |a last modification  |c 19911224 00:00:00  |k Rodrigo Vera 
999 |c 224449  |d 224447 
952 |0 0  |1 0  |4 0  |6 262_910000000000000_JUA_1987  |7 0  |8 A  |9 221091  |a BIBTEO  |b BIBTEO  |d 2019-11-15  |i 2898365  |o 262.91 JUA 1987  |p 2898365  |r 2025-01-17  |w 2019-11-15  |y BK  |k ICR 
952 |0 0  |1 0  |4 0  |6 262_910000000000000_JUA_1987  |7 0  |8 A  |9 221092  |a BIBTEO  |b BIBTEO  |d 2019-11-15  |i 2898373  |l 1  |o 262.91 JUA 1987  |p 2898373  |r 2025-01-17  |s 2023-04-26  |w 2019-11-15  |y BK  |k ICR 
952 |0 0  |1 0  |4 0  |6 262_910000000000000_JUA_1987  |7 0  |8 A  |9 221093  |a BIBTEO  |b BIBTEO  |d 2019-11-15  |i 2898381  |o 262.91 JUA 1987  |p 2898381  |r 2025-01-17  |w 2019-11-15  |y BK  |k ICR